| 000 | 00768nam a22002177a 4500 | ||
|---|---|---|---|
| 999 |
_c11427 _d11427 |
||
| 003 | AR-CdUCM | ||
| 008 | 190404b ||||| |||| 00| 0 spa d | ||
| 040 |
_aMUNICIPALIDAD PROVINCIAL DEL CUSCO _cBIBLIOTECA MUNICIPAL DEL CUSCO |
||
| 082 |
_aES / 036 / _bT67 |
||
| 110 |
_aLarousse _928781 |
||
| 245 | _aLo sé todo enciclopedia docuental en colores / | ||
| 260 |
_aBuenos Aires : _bLarousse, _c1962. |
||
| 300 |
_a2289 - 2496 paginas _bilustraciones, graficos, dibujos, retratos, _c31 cm. |
||
| 505 | _aContenido: Anatomia -- arquitectura -- astronomia -- botanica -- ciencias electro fisico... | ||
| 650 |
_aAnatomia _921361 |
||
| 650 |
_aArquitectura _93356 |
||
| 650 |
_aAstronomia _920961 |
||
| 650 |
_aBotanica _92790 |
||
| 942 |
_2ddc _cLIBROS |
||
| 945 | _apjha | ||